| 000 | 00396nam a2200169Ia 4500 | ||
|---|---|---|---|
| 008 | 210210b1932 xxu||||| |||| 00| 0 eng d | ||
| 041 | _aeng | ||
| 082 | _a825/913 | ||
| 100 | _aWILLIAMS (C) | ||
| 245 | _aEnglish poetic mind | ||
| 260 |
_aOxford _bAt the Clarendon Press _c1932 |
||
| 650 | _apoetic | ||
| 650 | _amind | ||
| 650 | _aEnglish | ||
| 690 | _aEnglish Criticism | ||
| 906 | _a015228 | ||
| 999 |
_c134545 _d134545 |
||